000 03278cam0 2200553 ib4500
001 BY-NLB-br0001096065
005 20260402102005.0
010 ^a978-5-98156-408-6
^bв переплете
100 ^a20140707d2012 k y0rusy50 ca
101 0 ^arus
102 ^aRU
105 ^aa z 010zy
109 ^aaa
181 0 ^ai3
181 0 ^ab1
^b b2e
182 0 ^an
200 1 ^aСмоленская крепостная стена
^fподготовка текста О. В. Захаренкова
^gпредисловия В. В. Ильина и Л. Л. Степченкова
203 ^aТекст
^aИзображение
^bнеподвижное
^bдвухмерное
^cнепосредственные
210 ^d2012
215 ^a286, [1] с.
^cил.
320 ^aБиблиография в подстрочных примечаниях
345 ^9800 экз.
461 1 ^12001
^aСмоленская земля в памятниках русской словесности
^e[сборник
^fпод общей редакцией В. В. Ильина]
^vТ. 6
^1010
^a978-5-98156-366-9
^bв переплете
^1210
^aСмоленск
^cМаджента
^d2012—2013
^1215
^d22 см
606 ^3BY-NLB-ar36327
^aФОРТИФИКАЦИОННЫЕ СООРУЖЕНИЯ
^2DVNLB
606 ^3BY-NLB-ar79
^a17 ВЕК
^2DVNLB
606 ^3BY-NLB-ar187
^a18 ВЕК
^2DVNLB
606 ^3BY-NLB-ar2395842
^a19 ВЕК
^2DVNLB
606 ^3BY-NLB-ar2404313
^a20 ВЕК НАЧАЛО
^2DVNLB
606 ^3BY-NLB-ar22568
^aПАМЯТНИКИ АРХИТЕКТУРЫ
^2DVNLB
606 ^3BY-NLB-ar74996
^aАРХИТЕКТУРНОЕ НАСЛЕДИЕ
^2DVNLB
607 ^3BY-NLB-ar30690
^aСмоленск, город (Россия)
^2BY-auth
607 ^3BY-NLB-ar30688
^aСмоленская область (Россия)
^2BY-auth
607 ^3BY-NLB-ar28572
^aРоссия
^2BY-auth
607 ^3BY-NLB-ar7785206
^aСмоленская крепостная стена (Россия)
^2BY-auth
660 ^ae-ru
686 ^a83.3(2Рос) + 63.3(2) + 85.113(2)
^2rubbk
690 ^a1
^2Base
^9BY-MI0000
^xRSEK
702 1 ^3BY-SEK-ar7853025
^aЗахаренков
^bО. В.
^4570
702 1 ^3BY-NLB-ar2674208
^aИльин
^bВ. В.
^gВиктор Васильевич
^cдоктор филологических наук
^fрод. 1929
^4080
^4340
702 1 ^3BY-SEK-977020
^aСтепченков
^bЛ. Л.
^gЛеонид Леонидович
^cкраевед
^fрод. 1970
^4080
801 0 ^aBY
^bBY-HM0000
^c20140707
^gpsbo
801 2 ^aBY
^bBY-MI0000
^c20260323
^gRCR
035 ^a(BY-MI0000)BY-NLB-br0001096065
899 0 ^aBY-MI0000
^iС511
^h83.3(2Рос)